000
00248nam a2200097Ia 4500
001
760680
005
20250826165153.0
008
250824s9999 xx 000 0 und d
245
0
_a
SİN SARI İSTİLA
_c
ORKUN UÇAR
260
_b
ALTIN KİTAPLAR YAYINLARI
999
_c
760680
_d
760680